Stimuly a bariery tvořivosti Analýza hloubkového a expertního výzkumu. Studie k úkolu SPVZ VIII-8-1/1-3

Saved in:
Bibliographic Details
Main Author: Schwarz, Karel
Other Authors: Šimek, Milan
Format: Book
Language:Czech
Published: Praha Ústav pro výzkum kultury 1987
Tags: Add Tag
No Tags, Be the first to tag this record!

MARC

LEADER 00000nam a2200000 4500
001 c026117
005 20251111085450.0
041 0 |a cze 
044 |a CZ 
245 1 0 |a Stimuly a bariery tvořivosti  |b Analýza hloubkového a expertního výzkumu. Studie k úkolu SPVZ VIII-8-1/1-3  |c Karel Schwarz, Milan Šimek 
264 1 |a Praha  |b Ústav pro výzkum kultury  |c 1987 
300 |a 187 s. 
100 1 |a Schwarz, Karel 
700 1 |a Šimek, Milan